000 00470nam a22001577a 4500
003 macl
005 20180405115755.0
008 180405b xxu||||| |||| 00| 0 eng d
040 _cmacl
082 _a800/CHI
100 _aचित्रा ,मुद्रगल
_971653
245 _aमेरे साक्षात्‍कार
260 _aदिल्‍ली
_bकिताबघर
_c2017
650 _aरचनावली
_9163
942 _2ddc
_cHIN
999 _c57444
_d57444